00609nam a22001817a 4500999001900000003000500019038001100024082001900035100003600054245005900090260004300149300001300192500001500205880004400220880004800264942001200312952010300324 c525042d525042NUST awaseem a891.42108bRAM aShaker, Muhammad Ramazan915827 aSooraj Chun Guwachy Neay /c Muhammad Ramazan Shaker aLahore :bShoaib Publications, c2006. a216 p. ; aHardcover. 6100-01\raمحمدرمضان شاکر  6245-02\raسورج چن گواچے نیں / 2ddccBK 00102ddc4070aCLbCLcPLITd2019-06-28l0o891.42108 RAMpCL-E-1090r2019-06-28w2019-06-28yBK